00984nam a2200217 i 450000100060000000300090000600500170001500700030003200800410003508000110007610000500008724501290013726000600026630000590032649001130038565000330049865100360053171000570056783001120062485200300073683119ES-MaACL20250728063125.0t|180601s1921 sp ||||1| spa d a56:5991 aHernández-Pacheco, Eduardo,d1872-1965eaut13aLa llanura manchega y sus mamíferos fósiles :b(Yacimiento de la Puebla de Almoradier) / por Eduardo Hernández-Pacheco aMadrid : bMuseo Nacional de Ciencias Naturales, c1921 a43 páginas, II láminas : bilustraciones ; c27 cm1 aComisión de Investigaciones Paleontológicas y Prehistóricas. Memoria ; v28, Serie paleontológica, 4 7aMamíferos fósiles2embne 4aCastilla-La Mancha-xFósiles.2 aMuseo Nacional de Ciencias Naturales (España)eedt 0aComisión de Investigaciones Paleontológicas y Prehistóricas. Memoria ;v28, Serie paleontológica, 4 aES-MaACLcSPBjB-13006(4)